000 00752cam a2200253 4500
001 J83748
008 090401t1997 xxu||||| |||| 00| 0 eng d
035 _a(Sirsi) u78134
041 _aeng
050 _a692.2
110 _aInstitute of Building Control
_93341
245 _aReview of European building regulations and technical provisions: United Kingdom.
250 _aRevised ed.
260 _aEpsom, Surrey
_bInstitute of Building Control
_c1997
300 _aiv,43p. ; 30cm.
350 _a25
520 _aReview undertaken on behalf of the DoE.
650 _aBUILDING CONTROL
_96222
650 _aBUILDING REGULATIONS
_96224
650 _aEUROPE
690 _aBUILDING AND CONSTRUCTION-CONTROL
942 _n0
948 _c02/05/1997
999 _c96396
_d96396